| 000 | 01503nam a2200337 a 4500 | ||
|---|---|---|---|
| 001 | ebr10006807 | ||
| 003 | CaPaEBR | ||
| 006 | m u | ||
| 007 | cr cn||||||||| | ||
| 008 | 010207s2001 enk sb 001 0 eng | ||
| 010 | _z 2001025240 | ||
| 020 | _z0521621518 (hardback) | ||
| 020 | _z0521006023 (paperback) | ||
| 040 |
_aCaPaEBR _cCaPaEBR |
||
| 035 | _a(OCoLC)70757875 | ||
| 050 | 1 | 4 |
_aPN4888.P6 _bK37 2001eb |
| 082 | 0 | 4 |
_a071/.3/09034 _221 |
| 100 | 1 |
_aKaplan, Richard L. _q(Richard Lee), _d1955- |
|
| 245 | 1 | 0 |
_aPolitics and the American press _h[electronic resource] : _bthe rise of objectivity, 1865-1920 / _cRichard L. Kaplan. |
| 260 |
_aCambridge, U.K. ; _aNew York : _bCambridge University Press, _cc2001. |
||
| 300 | _aviii, 224 p. | ||
| 504 | _aIncludes bibliographical references (p. 204-220) and index. | ||
| 533 |
_aElectronic reproduction. _bPalo Alto, Calif. : _cebrary, _d2013. _nAvailable via World Wide Web. _nAccess may be limited to ebrary affiliated libraries. |
||
| 650 | 0 |
_aPress and politics _zUnited States _xHistory _y19th century. |
|
| 650 | 0 |
_aPress and politics _zUnited States _xHistory _y20th century. |
|
| 650 | 0 |
_aJournalism _xObjectivity _zUnited States _xHistory _y19th century. |
|
| 650 | 0 |
_aJournalism _xObjectivity _zUnited States _xHistory _y20th century. |
|
| 655 | 7 |
_aElectronic books. _2local |
|
| 710 | 2 | _aebrary, Inc. | |
| 856 | 4 | 0 |
_uhttp://site.ebrary.com/lib/rucke/Doc?id=10006807 _zAn electronic book accessible through the World Wide Web; click to view |
| 999 |
_c337 _d337 |
||